000 02309cad a22002415a 4500
001 L154805
008 120119s2011 xxk f 000 0 eng d
020 _a9781118009871
035 _a(Sirsi) u154805
041 0 _aeng
100 1 _aRounds, Jerald
245 0 0 _aConstruction supervision
_h[electronic resource]
260 _bJohn Wiley & Sons Inc
_c2011
300 _aebook
505 2 _aSection I Setting the stage -- Chapter 1 Overview of the construction industry -- Chapter 2 Supervision and the supervisor -- Section II Soft skills -- Chapter 3 Oral communication -- Chapter 4 Written communication and documentation -- Chapter 5 Team building and maintenance -- Chapter 6 Maintaining the relationship between the employee and the employer -- Chapter 7 Managing the human resource -- Chapter 8 Risk Management and problem solving -- Section III Technical skills -- Chapter 9 Safety -- Chapter 10 The contract as a management tool -- Chapter 11 Managing physical resources -- Chapter 12 Managing costs understanding the estimate -- Chapter 13 Managing costs elements of cost control -- Chapter 14 Managing time on a construction project -- Chapter 15 Managing production -- Chapter 16 Project organization -- Chapter 17 Mobilization -- Chapter 18 Ongoing operations -- Chapter 19 Closeout of field operations -- Chapter 20 The supervisor's continuing development
520 _aThis ebook covers all supervisory situations one is likely to encounter on a commercial, industrial, or institutional construction project. This ebook is based upon a very successful Electrical Project Supervision (EPS) training program developed by Rounds and Segner for the National Electrical Contractor's Association and licensed to several organizations representing other construction sectors. This program has been delivered for over a decade and continues to be delivered to thousands of construction supervisors each year. The program content has consistently received outstanding reviews and evaluations in numerous different venues.
650 2 4 _aEBOOK
651 4 _aUnited Kingdom
_y
690 _aConstruction management
_96230
700 1 _aSegner, Robert
856 4 0 _uhttps://www.vlebooks.com/
_zView on VLEbooks. Logins for members only from [email protected]
942 _n0
999 _c113165
_d113165